| 000 | 01061cam a2200241 4500 | ||
|---|---|---|---|
| 008 | 030627n2003 000 0 eng u | ||
| 020 | _a0642549370 | ||
| 035 | _a(Sirsi) u122772 | ||
| 041 | _aeng | ||
| 050 |
_a333.72 _c18 |
||
| 110 |
_aEnvironment Australia _94470 |
||
| 245 |
_aTriple bottom line reporting in Australia _ba guide to reporting against environmental indicators |
||
| 260 |
_aCanberra _bEnvironment Australia _c2003 |
||
| 520 | _aGuidance published by the Australian Department of Environment and Heritage which is intended to assist companies and other organisations in measuring and voluntary reporting on their environmental performance. View at www.ea.gov.au. | ||
| 650 | _aAUSTRALIA | ||
| 650 | _aBENCHMARKING | ||
| 650 | _aENVIRONMENTAL PERFORMANCE | ||
| 650 | _aPERFORMANCE MEASUREMENT | ||
| 650 | _aTRIPLE BOTTOM LINE REPORTING | ||
| 690 | _aENVIRONMENTAL AND LAND CONSULTANCY | ||
| 856 |
_uhttps://www.greenbiz.com/sites/default/files/document/CustomO16C45F42151.pdf _vView the guidance at www.greenbiz.com. |
||
| 942 | _n0 | ||
| 999 |
_c102924 _d102924 |
||